000 01509cam a22003494a 4500
999 _c330211
_d330211
001 12119260
003 NUST
005 20170614102304.0
008 000726s2000 nyuab b 001 0 eng
010 _a 00043736
020 _a047129232X (cloth : acidfree paper)
040 _aDLC
_cDLC
_dDLC
042 _apcc
043 _an-us---
050 0 0 _aQH104
_b.M57 2000
082 0 0 _a577.680973 MIT
_221
100 1 _aMitsch, William J.
_92512
245 1 0 _aWetlands /
_cWilliam J. Mitsch, James G. Gosselink.
250 _a3rd ed.
260 _aNew York :
_bJohn Wiley,
_cc2000.
300 _axiii, 920 p. :
_bill., maps ;
_c26 cm.
500 _aH.B
504 _aIncludes bibliographical references (p. 785-892) and indexes.
650 0 _aWetland ecology
_zUnited States.
_92614
650 0 _aWetlands
_zUnited States.
_92615
650 0 _aWetland management
_zUnited States.
_92616
700 1 _aGosselink, James G.
_92617
856 4 2 _3Contributor biographical information
_uhttp://www.loc.gov/catdir/bios/wiley043/00043736.html
856 4 2 _3Publisher description
_uhttp://www.loc.gov/catdir/description/wiley035/00043736.html
856 4 _3Table of Contents
_uhttp://www.loc.gov/catdir/toc/onix06/00043736.html
906 _a7
_bcbc
_corignew
_d1
_eocip
_f20
_gy-gencatlg
942 _2ddc
_cBK
_kIESE